书目信息 |
| 题名: |
民商法经济法卷
|
|
| 作者: | 周国均 主编 | |
| 分册: | ||
| 出版信息: | 北京 中国人民公安大学出版社 2004.04 |
|
| 页数: | 339 | |
| 开本: | 21cm | |
| 丛书名: | 中国法学文丛 | |
| 单 册: | ||
| 中图分类: | D923 | |
| 科图分类: | ||
| 主题词: | 商法--中国--文集 , 经济法--中国--文集 , 民法--中国--文集 | |
| 电子资源: | ||
| ISBN: | 7-81087-695-3 | |
| 000 | 01167nam 2200289 450 | |
| 001 | 192004003401 | |
| 005 | 20070905133920.23 | |
| 010 | @a7-81087-695-3@dCNY25.00 | |
| 100 | @a20070602d2004 em y0chiy0121 ea | |
| 101 | 0 | @achi |
| 102 | @aCN@b110000 | |
| 105 | @ay z 000yy | |
| 200 | 1 | @a民商法经济法卷@Amin shang fa jing ji fa juan@d= Cicil law,commercial and economic law volume@f周国均主编@Fzhou guo jun zhu bian@zeng |
| 210 | @a北京@c中国人民公安大学出版社@d2004.04 | |
| 215 | @a339@d21cm | |
| 225 | 2 | @a中国法学文丛@Azhong guo fa xue wen cong |
| 300 | @a并列题名:Cicil law,commercial and economic law volume | |
| 330 | @a本套丛书是纪念中国法学创刊20周年(1984-2004)。本书主要论述了民法法典化及其限制、论侵权行为法的独立成编、中国的公司治理及其转型期的改革、经济法责任理论之拓补、论生态法律关系、财产权经济学理论与知识产权制度的正当性等。 | |
| 410 | 0 | @12001 @a中国法学文丛 |
| 510 | 1 | @aCicil law,commercial and economic law volume@zeng |
| 606 | 0 | @a商法@y中国@j文集 |
| 606 | 0 | @a经济法@y中国@j文集 |
| 606 | 0 | @a民法@y中国@j文集 |
| 690 | @aD923@v4 | |
| 701 | 0 | @a周国均@Azhou guo jun@4主编 |
| 801 | 0 | @aCN@c20070905 |
| 905 | @dD923@eZ762 | |
| 民商法经济法卷= Cicil law,commercial and economic law volume/周国均主编.-北京:中国人民公安大学出版社,2004.04 |
| 339;21cm.-(中国法学文丛) |
| 并列题名:Cicil law,commercial and economic law volume |
| ISBN 7-81087-695-3:CNY25.00 |
| 本套丛书是纪念中国法学创刊20周年(1984-2004)。本书主要论述了民法法典化及其限制、论侵权行为法的独立成编、中国的公司治理及其转型期的改革、经济法责任理论之拓补、论生态法律关系、财产权经济学理论与知识产权制度的正当性等。 |
| ● |
| 相关链接 |
|
|
|
正题名:民商法经济法卷
索取号:D923/Z762
 
预约/预借
| 序号 | 登录号 | 条形码 | 馆藏地/架位号 | 状态 | 备注 |
| 1 | 618423 | 206184234 | 社科库509/509社科库 91排5列3层/ [索取号:D923/Z762] | 在馆 | |
| 2 | 618424 | 206184243 | 社科库509/509社科库 91排5列3层/ [索取号:D923/Z762] | 在馆 | |
| 3 | 618425 | 206184252 | 社科库509/509社科库 91排5列3层/ [索取号:D923/Z762] | 在馆 |